[Event "Coupe Niveau 3"]
[Site "www.echecsemail.com"]
[Date "2026.01.11"]
[Round "1"]
[White "Domenico"]
[Black "Verson"]
[WhiteElo "1730"]
[BlackElo "1870"]
[Result "0-1"]
1.e4 e6
2.Bf1c4 d5
3.exd5 exd5
4.Ng1f3 dxc4
5.O-O Ng8f6
6.Rf1e1 Bf8e7
7.d3 cxd3
8.cxd3 O-O
9.Nb1c3 Bc8g4
10.Re1e3 Be7c5
11.Re3e5 Bc5d6
12.Re5d5 Nf6xd5
13.Nc3xd5 Nb8d7
14.Nd5c3 Nd7f6
15.Bc1g5 h6
16.Bg5h4 c6
17.d4 Rf8e8
18.Qd1d3 Bd6e7
19.Nf3e5 Bg4e6
20.Bh4xf6 Be7xf6
21.Qd3g3 Qd8xd4
22.Ne5f3 Qd4g4
23.h3 Qg4xg3
24.fxg3 Ra8d8
25.Nc3e4 Bf6xb2
26.Ra1b1 Bb2d4
27.Nf3xd4 Rd8xd4
28.Ne4f2 Be6d5
29.Nf2g4 b6
30.Kf1 Rd4d2
31.a4 Bd5xg2
32.Kg1 Bg2xh3
33.Ng4f2 Bh3f5
34.Rb1c1 c5
35.g4 Bf5g6
36.Nf2h3 Re8e2
37.Nh3f4 Re2f2
38.Nf4xg6 fxg6
{ abandon }0-1

[Event "Défi"]
[Site "www.echecsemail.com"]
[Date "2026.01.11"]
[Round "1"]
[White "Castor"]
[Black "Calcedoine"]
[WhiteElo "1330"]
[BlackElo "1800"]
[Result "0-1"]
1.d4 d5
2.c4 b6
3.Nb1c3 Ng8f6
4.Bc1f4 Bc8b7
5.Nc3b5 Nb8a6
6.a3 c6
7.Nb5c3 e6
8.f3 dxc4
9.e4 b5
10.Ng1h3 h6
11.Bf1e2 Qd8b6
12.Bf4e3 Bf8e7
13.Ra1b1 e5
14.dxe5 Qb6xe3
15.Qd1c2 Nf6d7
16.Nc3d1 Qe3b6
17.Nh3f2 Nd7xe5
18.f4 Ne5d3
19.Nf2xd3 cxd3
20.Be2xd3 Be7c5
21.b4 Bc5d4
22.Rh1f1 O-O
23.Rf1f3 c5
24.Nd1c3 c4
25.Bd3f1 Rf8e8
26.Bf1e2 Bd4xc3
27.Qc2xc3 Bb7xe4
28.Rf3g3 f6
29.Rb1d1 Qb6g1
30.Kd2 Ra8d8
31.Kc1 Rd8xd1
32.Be2xd1 Re8d8
33.Rg3e3 Qg1xd1
34.Kb2 Qd1b1
0-1

[Event "YQUELON"]
[Site "www.echecsemail.com"]
[Date "2026.01.11"]
[Round "1"]
[White "4x4"]
[Black "Intrigue"]
[WhiteElo "1470"]
[BlackElo "1680"]
[Result "0-1"]
1.e4 e5
2.Ng1f3 Ng8f6
3.d4 exd4
4.Bf1d3 d6
5.Nf3xd4 Nb8c6
6.Bc1e3 Bf8e7
7.Nd4xc6 bxc6
8.Nb1c3 Bc8e6
9.Qd1e2 O-O
10.O-O-O c5
11.f4 Ra8b8
12.f5 Be6d7
13.h4 c6
14.g4 Qd8b6
15.b3 d5
16.Nc3a4 Qb6a5
17.Be3d2 Qa5d8
18.Bd2c3 d4
19.Bc3b2 Rf8e8
20.g5 Qd8a5
21.c4 Nf6xe4
22.Bd3xe4 Be7d6
23.Qe2d3 Bd6e5
24.Kb1 Rb8b7
25.Bb2c1 Qa5xa4
26.Bc1b2 Qa4a6
27.h5 f6
28.Rd1d2 Be5f4
29.Rd2e2 Bf4xg5
30.Rh1e1 Rb7b8
31.Re2g2 Bd7xf5
32.Rg2e2 Bf5xe4
33.Re2xe4 Re8xe4
34.Re1xe4 Qa6b7
35.Kc2 Qb7d7
36.Bb2c1 Rb8e8
37.Bc1xg5 fxg5
38.a3 h6
39.b4 cxb4
40.axb4 Re8xe4
41.Qd3xe4 a6
42.Kd3 Qd7h3
43.Kxd4 Qh3xh5
44.Qe4xc6 g4
45.Qc6xa6 Qh5f5
46.Qa6d6 Qf5f6
47.Ke3 Qf6xd6
48.c5 Qd6c6
49.Kd4 g3
50.Kc4 g2
51.b5 Qc6e4
52.Kb3 g1Q
53.c6 Qg1g3
54.Kb2 Qe4e2
55.Kc1 Qg3g1
0-1

[Event "Coupe Niveau 3"]
[Site "www.echecsemail.com"]
[Date "2026.01.11"]
[Round "1"]
[White "Verson"]
[Black "Woluwe1975"]
[WhiteElo "1840"]
[BlackElo "1640"]
[Result "1-0"]
1.d4 Ng8f6
2.Ng1f3 d5
3.e3 Bc8g4
4.Bf1d3 e6
5.Nb1d2 Bf8d6
6.O-O Nb8d7
7.h3 h5
8.c4 c6
9.Qd1c2 Bg4f5
10.Bd3xf5 exf5
11.Qc2xf5 Qd8e7
12.b3 Nf6e4
13.Bc1b2 O-O-O
14.cxd5 cxd5
15.Nd2xe4 dxe4
16.Nf3d2 Kb8
17.Nd2xe4 Bd6c7
18.Ra1c1 g6
19.Qf5b5 Qe7xe4
20.Qb5c4 Rd8c8
21.Qc4xf7 Nd7b6
22.Qf7f3 Qe4xf3
23.gxf3 g5
24.Kg2 h4
25.e4 Bc7f4
26.Rc1c5 Rh8d8
27.Bb2c1 Bf4xc1
28.Rf1xc1 Rc8xc5
29.dxc5 Nb6a8
30.Rc1c2 Na8c7
31.Kf1 Rd8f8
32.Ke2 Nc7b5
33.Ke3 a5
34.c6 b6
35.a4 Nb5c7
36.Rc2d2 Kc8
37.Rd2d6 Rf8g8
38.f4 g4
39.hxg4 Rg8xg4
40.Kf3 Rg4g1
41.Rd6h6 Rg1g8
42.Rh6xh4 Nc7e6
43.Ke3 Kc7
44.f5 Ne6c5
45.Rh4h6 Nc5xb3
46.e5 Nb3c5
47.e6 Rg8e8
48.Kd4 Nc5xa4
49.Ke5 Kxc6
50.e7 Kb5
51.f6 Na4c5
52.Kd6 { abandon }1-0

[Event "Défi"]
[Site "www.echecsemail.com"]
[Date "2026.01.11"]
[Round "1"]
[White "Carabas"]
[Black "Kaspy"]
[WhiteElo "1900"]
[BlackElo "1810"]
[Result "1-0"]
1.e4 e5
2.Ng1f3 Nb8c6
3.Bf1c4 h6
4.b3 Ng8f6
5.d3 Bf8c5
6.Nb1c3 a6
7.O-O d6
8.a3 O-O
9.b4 Bc5a7
10.Nc3d5 b5
11.Nd5xf6 Qd8xf6
12.Bc4d5 Bc8b7
13.c3 Ra8b8
14.Bd5xc6 Bb7xc6
15.Ra1a2 Bc6d7
16.h3 c6
17.Nf3h2 Qf6g6
18.Kh1 f5
19.f3 f4
20.c4 Bd7e6
21.Ra2c2 c5
22.Bc1b2 cxb4
23.axb4 bxc4
24.dxc4 Rf8d8
25.Qd1e2 Rb8xb4
26.Rf1d1 Ba7c5
27.Bb2a3 Rb4b8
28.Ba3xc5 dxc5
29.Rd1xd8 Rb8xd8
30.Rc2c3 Be6c8
31.Rc3d3 Rd8xd3
32.Qe2xd3 Bc8e6
33.Qd3d6 Be6f7
34.Qd6xc5 Qg6g3
35.Nh2f1 Qg3e1
36.Kg1 Qe1e2
37.Qc5c8 Kh7
38.Qc8f5 Kh8
39.Qf5xf7 Qe2d3
40.Qf7e8 Kh7
41.Qe8a4 Qd3d4
42.Kh1 Qd4f2
43.Qa4d1 Qf2c5
44.Qd1c2 a5
45.Kh2 Qc5b4
46.c5 a4
47.c6 a3
48.c7 { abandon }1-0

[Event "Transval 2"]
[Site "www.echecsemail.com"]
[Date "2026.01.11"]
[Round "1"]
[White "Woluwe1975"]
[Black "Turbo"]
[WhiteElo "1630"]
[BlackElo "1280"]
[Result "1-0"]
1.d4 d5
2.Ng1f3 Nb8c6
3.c3 h6
4.Nb1d2 Ng8f6
5.e3 a6
6.Bf1d3 e6
7.Nf3e5 Nc6xe5
8.dxe5 Nf6d7
9.f4 g5
10.O-O c5
11.c4 d4
12.exd4 cxd4
13.f5 Nd7xe5
14.Bd3e4 Bf8c5
15.Nd2b3 Bc5b6
16.c5 Bb6c7
17.f6 Ne5g6
18.Qd1d3 e5
19.Be4xg6 O-O
20.Bg6h5 Bc8e6
21.Nb3d2 Qd8d5
22.Bh5f3 Qd5xc5
23.Bf3xb7 Ra8a7
24.Bb7e4 Kh8
25.Nd2b3 Qc5d6
26.h4 Bc7d8
27.hxg5 h5
28.Be4f5 Be6xf5
29.Qd3xf5 Rf8g8
30.g3 Bd8b6
31.Kh2 Ra7a8
32.Kh3 Bb6c7
33.Kh4 e4
34.Bc1f4 Qd6b6
35.Rf1h1 Bc7xf4
36.gxf4 d3
37.Kxh5 Rg8g6
38.Kg4 Kg8
39.Ra1c1 Ra8e8
40.Rc1c8 Re8d8
41.Rc8xd8 Qb6xd8
42.Qf5xe4 Qd8c8
43.f5 d2
44.Nb3xd2 Qc8d8
45.fxg6 Qd8d7
46.Kf3 fxg6
47.Qe4a8 { abandon }1-0

[Event "XERTIGNY  VOSGES"]
[Site "www.echecsemail.com"]
[Date "2026.01.11"]
[Round "1"]
[White "Petitlulu64"]
[Black "4x4"]
[WhiteElo "1760"]
[BlackElo "1460"]
[Result "0-1"]
1.e4 e5
2.Ng1f3 Ng8f6
3.Bf1c4 Nb8c6
4.Nf3g5 Qd8e7
5.Bc4xf7 Kd8
6.Bf7b3 d6
7.Ng5f7 Ke8
8.Nf7xh8 Nc6d4
9.Bb3f7 Kd8
10.c3 Nd4e6
11.Bf7xe6 Bc8xe6
12.d3 g6
13.Nh8xg6 hxg6
14.Bc1g5 Bf8g7
15.O-O Kd7
16.Qd1f3 Ra8f8
17.Qf3e3 Qe7f7
18.Qe3xa7 b6
19.Qa7a4 Ke7
20.Nb1d2 Be6d7
21.Qa4a7 Rf8c8
22.f4 exf4
23.Rf1xf4 Qf7e6
24.Ra1f1 Ke8
25.Bg5xf6 Bg7xf6
26.Rf4xf6 Qe6g8
27.Rf6f8 Qg8xf8
28.Rf1xf8 Kxf8
29.Qa7xc7 Rc8xc7
30.Nd2c4 Bd7e6
31.a4 Be6xc4
32.dxc4 Rc7xc4
33.Kf2 Rc4xa4
34.Ke3 Ke7
35.g4 Ra4a2
36.h4 Ra2xb2
37.h5 gxh5
38.gxh5 Rb2h2
39.Kd4 Rh2xh5
40.c4 Ke6
41.Kc3 Ke5
42.Kb4 Kxe4
{ abandon }0-1

[Event "Tournoi échelle division 3"]
[Site "www.echecsemail.com"]
[Date "2026.01.11"]
[Round "1"]
[White "Woluwe1975"]
[Black "Kaspalex"]
[WhiteElo "1620"]
[BlackElo "1910"]
[Result "0-1"]
1.e4 e5
2.Ng1f3 Nb8c6
3.Bf1b5 a6
4.Bb5a4 Ng8f6
5.O-O Bf8e7
6.Rf1e1 b5
7.Ba4b3 O-O
8.c3 d5
9.exd5 Nf6xd5
10.Nf3xe5 Nc6xe5
11.Re1xe5 c6
12.d4 Be7d6
13.Re5h5 g6
14.Rh5h6 Rf8e8
15.Nb1d2 Nd5f4
16.Nd2f3 Bc8g4
17.Bc1xf4 Bd6xf4
18.Rh6h4 Bg4xf3
19.Qd1xf3 Qd8xh4
20.g3 Qh4f6
21.gxf4 Qf6d6
22.Kh1 Kg7
23.h4 f5
24.Bb3c2 Re8e7
25.Ra1g1 Ra8f8
26.h5 Qd6d5
27.Qf3xd5 cxd5
28.Bc2d3 Kh6
29.hxg6 hxg6
30.Kg2 Rf8e8
31.Rg1h1 Kg7
32.b3 Re7e1
33.Rh1h3 Re1c1
34.c4 dxc4
35.bxc4 bxc4
36.Bd3xc4 Rc1xc4
37.Rh3a3 Re8e6
{ abandon }0-1

[Event "Défi( 10J+24H/c 10J Max )"]
[Site "www.echecsemail.com"]
[Date "2026.01.11"]
[Round "1"]
[White "Hberlioz"]
[Black "Bertelsen"]
[WhiteElo "1690"]
[BlackElo "1720"]
[Result "1-0"]
1.e4 e5
2.Ng1f3 d6
3.Nb1c3 Ng8f6
4.Bf1c4 h6
5.d4 exd4
6.Nf3xd4 Bf8e7
7.Bc1e3 O-O
8.Qd1d2 c6
9.f3 Nb8d7
10.Be3xh6 Nf6h7
11.Bh6xg7 Kxg7
12.Nd4f5 Kg6
13.Qd2h6 1-0

[Event "Défi( 10J+24H/c 10J Max )"]
[Site "www.echecsemail.com"]
[Date "2026.01.11"]
[Round "1"]
[White "Tunnellavage"]
[Black "Geantvert"]
[WhiteElo "1730"]
[BlackElo "1860"]
[Result "0-1"]
1.e4 c5
2.Ng1f3 Nb8c6
3.Bf1c4 e6
4.Nb1c3 a6
5.a3 g6
6.d3 Bf8g7
7.O-O Ng8e7
8.Bc1f4 d6
9.h3 O-O
10.Qd1e1 Nc6d4
11.Nf3xd4 cxd4
12.Nc3e2 e5
13.Bf4g5 h6
14.Bg5h4 g5
15.Bh4g3 Kh7
16.c3 dxc3
17.Ne2xc3 f5
18.Qe1e2 f4
19.Bg3h2 Ne7c6
20.Qe2h5 Bc8d7
21.Nc3d1 Bd7e8
22.Qh5e2 Nc6d4
23.Qe2d2 Ra8c8
24.f3 b5
25.Bc4d5 Rc8c2
26.Qd2e1 Be8f7
27.Rf1f2 Rc2xf2
28.Kxf2 Bf7xd5
29.exd5 Qd8c8
{ abandon }0-1

[Event "Défi"]
[Site "www.echecsemail.com"]
[Date "2026.01.11"]
[Round "1"]
[White "Tartu"]
[Black "Vvvv"]
[WhiteElo "1710"]
[BlackElo "1650"]
[Result "0-1"]
1.e4 e5
2.Ng1f3 Nb8c6
3.Bf1b5 a6
4.Bb5xc6 dxc6
5.O-O Bf8d6
6.h3 Ng8f6
7.Nb1c3 O-O
8.d3 h6
9.Bc1e3 b5
10.a3 Rf8e8
11.b4 Bc8b7
12.Qd1e2 Nf6d7
13.Rf1d1 a5
14.bxa5 Ra8xa5
15.Be3d2 Ra5xa3
16.Ra1xa3 Bd6xa3
17.Nc3b1 Ba3b2
18.Bd2c3 Bb2xc3
19.Nb1xc3 Qd8f6
20.Rd1a1 Re8e6
21.Ra1a7 Nd7c5
22.Nc3a2 g5
23.Na2c1 Qf6f4
24.Nc1b3 Nc5a4
25.g3 Qf4f6
26.Ra7xb7 Na4c3
27.Qe2d2 Qf6xf3
28.Qd2xc3 g4
29.h4 Qf3d1
30.Kh2 Qd1f1
31.Qc3a1 Qf1xf2
32.Kh1 Qf2xg3
33.Rb7xc7 Qg3xh4
34.Kg1 Qh4g3
35.Kh1 Re6f6
36.Rc7c8 Kg7
37.Nb3d2 Rf6f2
{ abandon }0-1

[Event "Tournoi n27379"]
[Site "www.echecsemail.com"]
[Date "2026.01.11"]
[Round "1"]
[White "Tiounet"]
[Black "Voyageur"]
[WhiteElo "1670"]
[BlackElo "1610"]
[Result "0-1"]
1.a3 g6
2.b4 d6
3.Bc1b2 e5
4.g3 Bf8g7
5.Bf1g2 Nb8c6
6.e3 a6
7.Ng1e2 Ng8e7
8.O-O O-O
9.c4 b6
10.Nb1c3 Bc8b7
11.b5 Nc6a5
12.Bg2xb7 Na5xb7
13.a4 a5
14.d4 exd4
15.exd4 Ne7f5
16.Nc3e4 Rf8e8
17.Ne2f4 Re8xe4
18.Nf4d5 Bg7xd4
19.Bb2xd4 Re4xd4
20.Qd1f3 Kg7
21.Nd5xb6 cxb6
22.Qf3xb7 Qd8b8
23.Qb7c6 Nf5e7
24.Qc6d7 Qb8d8
25.Qd7b7 Rd4xc4
26.Rf1e1 Rc4c7
27.Qb7xb6 Ne7d5
28.Qb6d4 Nd5f6
29.Ra1d1 d5
30.Rd1c1 Ra8c8
31.Rc1xc7 Rc8xc7
32.Qd4b6 Rc7d7
33.Qb6xd8 Rd7xd8
34.Re1b1 Nf6d7
35.Rb1c1 Kf6
36.Rc1c7 Ke6
37.Rc7a7 Nd7c5
38.Ra7xa5 d4
39.b6 Nc5b7
40.Ra5a7 d3
41.Kf1 d2
{ abandon }0-1

[Event "Défi( 10J+24H/c 10J Max )"]
[Site "www.echecsemail.com"]
[Date "2026.01.11"]
[Round "1"]
[White "Chessgaston"]
[Black "Tichaton"]
[WhiteElo "2150"]
[BlackElo "1340"]
[Result "1-0"]
1.d4 Ng8f6
2.c4 d5
3.Nb1c3 dxc4
4.e4 Nb8c6
5.Ng1f3 b6
6.Bf1xc4 Bc8b7
7.O-O e6
8.Rf1e1 Bf8e7
9.a3 O-O
10.Bc1f4 Nc6a5
11.Bc4a2 Nf6d7
12.Ra1c1 Be7d6
13.e5 Bd6e7
14.Ba2b1 c5
15.d5 exd5
16.Nc3xd5 Na5c6
17.Qd1c2 g6
18.Nd5xe7 Nc6xe7
19.Bf4h6 Rf8e8
20.e6 fxe6
21.Re1xe6 Bb7xf3
22.gxf3 Ne7d5
23.Re6xg6 hxg6
24.Qc2xg6 Kh8
25.Qg6g7 1-0

[Event "Défi"]
[Site "www.echecsemail.com"]
[Date "2026.01.11"]
[Round "1"]
[White "Vvvv"]
[Black "Intrigue"]
[WhiteElo "1650"]
[BlackElo "1680"]
[Result "0-1"]
1.e4 e6
2.d4 d5
3.Nb1d2 Ng8f6
4.exd5 Nf6xd5
5.Nd2b3 Bf8d6
6.Ng1f3 O-O
7.c4 Nd5f6
8.Bc1g5 Nb8d7
9.Bf1d3 h6
10.Bg5xf6 Nd7xf6
11.O-O Bd6e7
12.Nf3e5 a6
13.Qd1c2 Be7d6
14.Ra1e1 Bd6xe5
15.dxe5 Nf6e8
16.Re1e4 b6
17.g3 c5
18.Rf1d1 Bc8b7
19.Re4h4 Qd8e7
20.Bd3e4 Bb7xe4
21.Qc2xe4 Ra8d8
22.Nb3d2 f5
23.Qe4g2 Qe7g5
24.f4 Qg5g6
25.Qg2e2 Ne8c7
26.Kf1 Rd8d4
27.Nd2b3 Rd4e4
28.Qe2d3 Qg6f7
29.Kg2 Rf8c8
30.Nb3d2 Re4d4
31.Qd3c3 Rc8d8
32.Kh3 Rd4d3
33.Qc3c2 Qf7d7
34.b3 Rd3xd2
35.Rd1xd2 Qd7xd2
{ abandon }0-1

[Event "Défi"]
[Site "www.echecsemail.com"]
[Date "2026.01.11"]
[Round "1"]
[White "Voyageur"]
[Black "Augustin"]
[WhiteElo "1610"]
[BlackElo "1510"]
[Result "1-0"]
1.d4 d5
2.c4 dxc4
3.e3 f6
4.Nb1c3 Qd8d6
5.Bf1xc4 Bc8e6
6.Qd1b3 Be6xc4
7.Qb3xc4 Nb8c6
8.Ng1f3 Nc6a5
9.Qc4d3 O-O-O
10.Nc3e4 Qd6b4
11.Qd3d2 Qb4a4
12.Ne4c5 Qa4b5
13.b3 Na5c6
14.Bc1a3 e5
15.Qd2c1 exd4
16.exd4 Nc6xd4
17.Nf3xd4 Rd8xd4
18.Nc5e6 Bf8xa3
19.Qc1xc7 1-0

[Event "Tournoi n27354"]
[Site "www.echecsemail.com"]
[Date "2026.01.11"]
[Round "1"]
[White "Panchoa"]
[Black "Wenoketo"]
[WhiteElo "1580"]
[BlackElo "1620"]
[Result "0-1"]
1.e4 c6
2.Nb1c3 Ng8f6
3.Bf1c4 e6
4.Ng1f3 Bf8e7
5.O-O O-O
6.d3 d5
7.exd5 cxd5
8.Bc4b3 Nb8d7
9.Bc1g5 h6
10.Bg5xf6 Nd7xf6
11.Rf1e1 Bc8d7
12.d4 Ra8c8
13.Qd1d3 a6
14.Nc3e2 Be7d6
15.c3 Bd6b8
16.Bb3c2 Bd7b5
17.Qd3e3 Bb8a7
18.Ne2g3 Rf8e8
19.b3 Rc8c7
20.a4 Bb5d7
21.Nf3e5 Qd8c8
22.Ng3e2 Bd7c6
23.Ne2f4 Nf6d7
24.Qe3d3 f5
25.Qd3g3 Nd7xe5
26.Re1xe5 Ba7b8
27.Nf4h5 Kh8
28.Ra1e1 Rc7e7
29.Qg3g6 Bb8xe5
30.Re1xe5 Re8g8
31.Bc2xf5 Bc6d7
32.Nh5f4 exf5
33.Re5xe7 Qc8xc3
34.h3 Qc3c1
35.Kh2 Qc1xf4
36.g3 Qf4xf2
37.Kh1 Bd7c6
38.b4 Bc6xa4
39.Qg6h5 Qf2xg3
40.Re7e2 Ba4d1
41.Re2g2 Qg3xg2
{ abandon }0-1

[Event "Défi( 10J+24H/c 10J Max )"]
[Site "www.echecsemail.com"]
[Date "2026.01.11"]
[Round "1"]
[White "Vb83"]
[Black "Intrigue"]
[WhiteElo "1440"]
[BlackElo "1730"]
[Result "0-1"]
1.d4 Ng8f6
2.c4 d5
3.c5 g6
4.e3 Bf8g7
5.Ng1f3 c6
6.b4 O-O
7.Bf1e2 Nb8d7
8.O-O Rf8e8
9.Nb1c3 e5
10.dxe5 Nd7xe5
11.Nf3xe5 Re8xe5
12.f4 Re5e8
13.b5 Bc8f5
14.bxc6 bxc6
15.Bc1b2 Ra8b8
16.Bb2a3 Re8xe3
17.Ba3c1 Re3e8
18.Bc1b2 Rb8xb2
19.Nc3a4 Rb2xe2
{ abandon }0-1

[Event "Défi"]
[Site "www.echecsemail.com"]
[Date "2026.01.11"]
[Round "1"]
[White "Vb83"]
[Black "Pgo"]
[WhiteElo "1420"]
[BlackElo "1720"]
[Result "0-1"]
1.e4 e5
2.Ng1f3 Nb8c6
3.Bf1b5 d6
4.Bb5xc6 bxc6
5.O-O Bc8a6
6.Rf1e1 Ng8f6
7.d3 Bf8e7
8.Nb1c3 O-O
9.a4 h6
10.h3 g5
11.Nf3xg5 hxg5
12.Bc1xg5 Nf6h7
13.Bg5h6 Rf8e8
14.Qd1g4 Be7g5
15.Bh6xg5 Qd8xg5
16.Qg4d7 c5
17.Nc3d5 Nh7f6
18.Nd5xf6 Qg5xf6
19.Qd7xc7 Re8c8
20.Qc7d7 Kf8
21.c4 Qf6e6
22.Qd7xe6 fxe6
23.Re1e3 Ra8b8
24.Re3f3 Ke7
25.Ra1a2 Ba6b7
26.h4 d5
27.exd5 exd5
28.Rf3f5 Ke6
29.g4 Rc8g8
30.f3 d4
31.Kg2 Rg8xg4
32.Kh3 Rg4g1
33.Rf5g5 Rg1h1
34.Kg4 Rh1g1
35.Kh5 Rb8h8
36.Kg6 Rg1f1
37.h5 Rf1xf3
38.h6 Rf3f6
39.Kg7 Rh8xh6
40.b3 Bb7f3
41.Ra2f2 Bf3d1
42.Rf2xf6 Rh6xf6
43.Rg5g6 Rf6xg6
44.Kxg6 Bd1xb3
{ abandon }0-1

[Event "Tournoi n27325"]
[Site "www.echecsemail.com"]
[Date "2026.01.11"]
[Round "1"]
[White "Leredoutable"]
[Black "Verson"]
[WhiteElo "1750"]
[BlackElo "1880"]
[Result "0-1"]
1.e4 e6
2.d4 d5
3.exd5 exd5
4.Bf1d3 Ng8f6
5.Ng1f3 Bf8d6
6.O-O O-O
7.Bc1g5 Bc8g4
8.Nb1d2 Nb8d7
9.c3 h6
10.Bg5e3 c6
11.Qd1b3 b6
12.a4 Rf8e8
13.c4 Nf6e4
14.cxd5 cxd5
15.Qb3xd5 Ne4xd2
16.Be3xd2 Nd7f6
17.Qd5b3 Bg4xf3
18.gxf3 Ra8c8
19.f4 Qd8d7
20.f3 Nf6h5
21.Kf2 Nh5xf4
22.Bd3e4 Nf4h3
23.Ke2 Bd6f4
24.d5 Bf4xd2
25.Ra1d1 Bd2a5
26.f4 Re8xe4
27.Kf3 Re4xf4
28.Kg2 Rf4xf1
29.Rd1xf1 Qd7g4
30.Kh1 Qg4e4
31.Rf1f3 Nh3g5
32.d6 Qe4xf3
33.Qb3xf3 Ng5xf3
34.d7 Rc8d8
35.Kg2 Nf3e5
36.h4 Rd8xd7
{ abandon }0-1

[Event "Tournoi n27366"]
[Site "www.echecsemail.com"]
[Date "2026.01.11"]
[Round "1"]
[White "Fouvolant"]
[Black "Smaug"]
[WhiteElo "1370"]
[BlackElo "1420"]
[Result "1-0"]
1.e4 d5
2.exd5 Qd8xd5
3.Nb1c3 Qd5a5
4.d4 c6
5.Bf1c4 b5
6.Bc4d3 Ng8f6
7.Bc1d2 e6
8.Ng1f3 Bf8e7
9.O-O h6
10.Nc3d5 cxd5
11.Bd2xa5 O-O
12.Nf3e5 a6
13.f4 Nb8d7
14.Ba5e1 Nd7b6
15.b3 Bc8b7
16.Qd1f3 h5
17.Be1h4 Rf8e8
18.Bh4xf6 Be7xf6
19.Qf3xh5 g6
20.Bd3xg6 Kg7
21.Qh5h7 Kf8
22.Qh7xf7 1-0

[Event "Memorial Lara CIII"]
[Site "www.echecsemail.com"]
[Date "2026.01.11"]
[Round "1"]
[White "Emmanuel"]
[Black "Karkaskat"]
[WhiteElo "1940"]
[BlackElo "2100"]
[Result "1-0"]
1.e4 c5
2.Nb1c3 Nb8c6
3.Ng1f3 d6
4.d4 cxd4
5.Nf3xd4 Ng8f6
6.Bf1c4 g6
7.O-O Bf8g7
8.f4 O-O
9.Nd4f3 Bc8d7
10.a3 a6
11.h3 b5
12.Bc4e2 b4
13.Nc3d5 bxa3
14.Ra1xa3 Nf6xe4
15.Kh2 a5
16.Be2b5 Rf8e8
17.Nd5e3 Ra8b8
18.c4 e5
19.Ne3d5 exf4
20.Nd5xf4 Nc6e5
21.Bb5xd7 Qd8xd7
22.Nf4d5 Ne5xf3
23.Ra3xf3 f5
24.b3 Ne4c3
25.Nd5xc3 Bg7xc3
26.Rf3xc3 Qd7c7
27.Rc3g3 Qc7c5
28.Bc1b2 a4
29.Bb2d4 Qc5b4
30.Bd4c3 Qb4xb3
31.Qd1d5 { abandon }1-0

[Event "Memorial Lara CIII"]
[Site "www.echecsemail.com"]
[Date "2026.01.11"]
[Round "1"]
[White "Karkaskat"]
[Black "Emmanuel"]
[WhiteElo "2100"]
[BlackElo "1940"]
[Result "1-0"]
1.d4 f5
2.Bc1f4 Ng8f6
3.e3 e6
4.c3 g6
5.Nb1d2 Bf8g7
6.Bf1c4 d5
7.Bc4e2 O-O
8.h3 c6
9.Ng1f3 Nb8d7
10.O-O Nf6e4
11.Nf3e1 Nd7f6
12.f3 Ne4d6
13.Qd1b3 Nf6h5
14.Bf4h2 Nd6f7
15.g4 fxg4
16.hxg4 Nh5f6
17.Ne1g2 Nf7d6
18.e4 Nd6f7
19.e5 Nf6d7
20.f4 h6
21.Be2d3 Nf7h8
22.Qb3c2 Qd8e8
23.f5 exf5
24.gxf5 h5
25.fxg6 Qe8e7
26.Rf1xf8 Nd7xf8
27.Nd2f3 Bg7h6
28.Bh2f4 Bh6xf4
29.Ng2xf4 h4
30.Qc2h2 h3
31.Kh1 Bc8g4
32.Qh2g3 Bg4xf3
33.Qg3xf3 Qe7h4
34.Ra1g1 h2
35.Rg1g3 Ra8e8
36.g7 Nh8f7
37.gxf8Q { abandon }1-0

[Event "Défi( 10J+24H/c 10J Max )"]
[Site "www.echecsemail.com"]
[Date "2026.01.11"]
[Round "1"]
[White "Tunnellavage"]
[Black "Geantvert"]
[WhiteElo "1740"]
[BlackElo "1850"]
[Result "1-0"]
1.e4 c5
2.Ng1f3 Nb8c6
3.Bf1c4 e6
4.Nb1c3 a6
5.a3 b5
6.Bc4a2 Bc8b7
7.d3 Bf8d6
8.h3 Ng8e7
9.Bc1e3 O-O
10.O-O Nc6e5
11.Nf3xe5 Bd6xe5
12.Ra1b1 d5
13.Be3xc5 Ra8c8
14.Bc5xe7 Qd8xe7
15.exd5 Be5xc3
16.bxc3 Bb7xd5
17.Ba2xd5 exd5
18.Rb1b3 Rc8c7
19.Qd1f3 Qe7d6
20.d4 Rf8c8
21.Rf1e1 Rc7c4
22.Re1e3 Qd6b6
23.Qf3f5 Qb6d6
24.Re3e5 Rc8d8
25.a4 Rc4xa4
26.Rb3b1 Ra4c4
27.Rb1e1 Rc4c8
28.Qf5d3 Qd6d7
29.Re5e7 Qd7c6
30.Qd3e3 h6
31.Qe3f4 Qc6g6
32.Re1e3 Rd8f8
33.Re3e5 Qg6xc2
34.Re5xd5 Qc2xc3
35.Rd5d7 Qc3c4
36.Qf4f5 Rc8a8
37.d5 b4
38.Re7xf7 { abandon }1-0

[Event "Défi"]
[Site "www.echecsemail.com"]
[Date "2026.01.11"]
[Round "1"]
[White "Tartu"]
[Black "Wenoketo"]
[WhiteElo "1730"]
[BlackElo "1650"]
[Result "1-0"]
1.d4 d5
2.c4 dxc4
3.e4 Nb8c6
4.d5 Nc6e5
5.Nb1c3 e6
6.f4 Ne5g6
7.Bf1xc4 exd5
8.Bc4xd5 c6
9.Bd5b3 Bf8b4
10.Qd1xd8 Kxd8
11.f5 Bb4xc3
12.bxc3 Ng6e5
13.Ng1f3 Ne5d3
14.Ke2 Nd3xc1
15.Ra1xc1 f6
16.Rh1d1 Kc7
17.g4 Ng8h6
18.h3 Bc8d7
19.g5 fxg5
20.Nf3xg5 Ra8d8
21.Rd1d2 Bd7c8
22.Rc1d1 Rd8xd2
23.Rd1xd2 Bc8d7
24.Bb3e6 Bd7xe6
25.Ng5xe6 Kb6
26.Rd2b2 { abandon }1-0

[Event "Eq:au plaisir du jeux -Vikings :"]
[Site "www.echecsemail.com"]
[Date "2026.01.11"]
[Round "1"]
[White "Chessgaston"]
[Black "Seb"]
[WhiteElo "2140"]
[BlackElo "1920"]
[Result "1-0"]
1.d4 d5
2.c4 e6
3.Nb1c3 Ng8f6
4.e3 Nb8d7
5.Ng1f3 Bf8e7
6.Bf1d3 c5
7.O-O O-O
8.Nf3e5 Nd7xe5
9.dxe5 Nf6d7
10.f4 f6
11.Qd1h5 h6
12.Qh5g6 f5
13.cxd5 Qd8e8
14.Qg6xe6 Qe8f7
15.Qe6xf7 Rf8xf7
16.d6 Be7d8
17.Bd3c4 { abandon }1-0

[Event "Eq:Vikings-La Diagonale du Fou :"]
[Site "www.echecsemail.com"]
[Date "2026.01.11"]
[Round "1"]
[White "Viv59"]
[Black "Darkknight99"]
[WhiteElo "2300"]
[BlackElo "1980"]
[Result "1-0"]
1.d4 g6
2.h4 Ng8f6
3.Nb1c3 Bf8g7
4.Ng1f3 d6
5.e4 Bc8g4
6.Bf1e2 O-O
7.Nf3g5 Bg4xe2
8.Qd1xe2 e5
9.h5 Nb8d7
10.hxg6 fxg6
11.Ng5e6 Qd8e7
12.Ne6xf8 Ra8xf8
13.Bc1g5 a6
14.Nc3d5 Qe7d8
15.Qe2c4 Kh8
16.O-O-O c6
17.Nd5xf6 Bg7xf6
18.Rh1xh7 Kxh7
19.Rd1h1 { abandon }1-0

[Event "Tournoi n27384"]
[Site "www.echecsemail.com"]
[Date "2026.01.11"]
[Round "1"]
[White "Tiounet"]
[Black "Abelito"]
[WhiteElo "1640"]
[BlackElo "1560"]
[Result "1-0"]
1.a3 c5
2.b4 d6
3.bxc5 dxc5
4.Bc1b2 Ng8f6
5.g3 Nb8c6
6.Bf1g2 Qd8c7
7.e3 e5
8.Ng1e2 Bf8d6
9.O-O O-O
10.Nb1c3 Bc8e6
11.Nc3b5 Qc7e7
12.Nb5xd6 Qe7xd6
13.d3 Ra8d8
14.Ne2c3 Qd6d7
15.Nc3a4 b6
16.Na4c3 Be6g4
17.Qd1d2 Bg4h3
18.Nc3b5 a6
19.Nb5c3 e4
20.Nc3xe4 Bh3xg2
21.Bb2xf6 Nc6e5
22.Bf6xe5 f6
23.Kxg2 fxe5
24.Qd2c3 Rd8e8
25.Qc3c4 Kh8
26.Qc4xa6 Re8e6
27.Ne4g5 Re6h6
28.Ra1b1 e4
29.Rb1xb6 Rh6xb6
30.Qa6xb6 Qd7f5
31.Ng5xe4 Rf8b8
32.Qb6xb8 { abandon }1-0

[Event "Tournoi n27362"]
[Site "www.echecsemail.com"]
[Date "2026.01.11"]
[Round "1"]
[White "Wenoketo"]
[Black "Mokanne"]
[WhiteElo "1630"]
[BlackElo "1460"]
[Result "1-0"]
1.d4 g6
2.Ng1f3 Bf8g7
3.Bc1f4 d5
4.Nb1d2 Nb8c6
5.e3 Bc8f5
6.a3 f6
7.Ra1c1 Bf5e6
8.c4 dxc4
9.Bf1xc4 Be6g4
10.h3 Bg4f5
11.O-O h6
12.b4 g5
13.Bf4h2 e6
14.Bc4b5 Qd8d5
15.Bb5xc6 bxc6
16.Bh2xc7 Qd5d7
17.Bc7h2 g4
18.hxg4 Bf5xg4
19.Qd1a4 Ng8e7
20.Nf3e1 O-O
21.f3 Bg4h5
22.Ne1d3 f5
23.Nd3c5 Qd7c8
24.Qa4a6 Bh5e8
25.Qa6xc8 Ne7xc8
26.Nc5xe6 Rf8f7
27.Ne6xg7 Rf7xg7
28.Bh2e5 Rg7g6
29.Kf2 Nc8e7
30.Rf1h1 Kh7
31.Be5f4 Ne7g8
32.Nd2c4 Ng8e7
33.Nc4e5 Rg6f6
34.Rh1h2 Ne7d5
35.Ne5d3 Nd5xf4
36.Nd3xf4 h5
37.Rc1h1 a5
38.g4 axb4
39.Nf4xh5 Rf6f7
40.gxf5 Kg8
41.Rh1g1 Kf8
42.axb4 Ra8a2
43.Kg3 Ra2xh2
44.Kxh2 Rf7xf5
45.Nh5g3 Rf5xf3
46.Rg1f1 Rf3xf1
47.Ng3xf1 Ke7
48.Kg3 Ke6
49.Kf4 Kd5
50.Nf1d2 Be8g6
51.Kg5 Bg6e4
52.Kf6 Be4d3
53.Kg5 Bd3c2
54.Kf4 Bc2d3
55.Kf3 Bd3b5
56.Kf2 Bb5d3
57.Ke1 Bd3a6
58.Kd1 Ba6d3
59.Kc1 Bd3b5
60.Kb2 Bb5d3
61.Kc3 Bd3b5
62.e4 Ke6
63.Nd2f3 Bb5a6
64.Nf3g5 Kf6
65.Ng5h3 Ke6
66.Nh3f4 Kf6
67.Nf4d3 Ba6c8
68.Nd3c5 Ke7
69.Kc4 Kd6
70.e5 Ke7
71.Nc5e4 Bc8b7
72.Kc5 Ke6
73.Ne4d6 Bb7a8
74.Nd6c8 Ba8b7
75.Nc8a7 Kd7
76.b5 cxb5
77.Kxb5 Ke6
78.Kc5 Kf5
79.Na7b5 Ke6
80.Kb6 Bb7e4
81.Kc5 Kf5
82.Nb5d6 Kf4
83.Nd6xe4 Kxe4
84.e6 Kf5
85.e7 { abandon }1-0

[Event "Eq:Les Rois du Succes-Mission Impossible :"]
[Site "www.echecsemail.com"]
[Date "2026.01.11"]
[Round "1"]
[White "Youliyouli"]
[Black "Sarcoidose59"]
[WhiteElo "1880"]
[BlackElo "2010"]
[Result "0-1"]
1.e4 e6
2.d4 d5
3.exd5 exd5
4.Bf1b5 c6
5.Bb5a4 Bf8d6
6.Ng1f3 Nb8d7
7.O-O Ng8e7
8.c3 O-O
9.Ba4c2 Nd7f6
10.Bc1g5 Ne7g6
11.Bc2xg6 fxg6
12.Rf1e1 Bc8g4
13.Nb1d2 Qd8c7
14.h3 Bg4f5
15.g4 Bf5e4
16.Nd2xe4 Nf6xe4
17.Bg5e3 Ra8e8
18.Kg2 Bd6f4
19.Be3xf4 Rf8xf4
20.Re1e3 Re8f8
21.Qd1e2 Qc7f7
22.Ra1d1 h5
23.gxh5 gxh5
24.Rd1f1 Qf7f5
25.b3 Ne4g5
26.Nf3xg5 Qf5xg5
27.Re3g3 Qg5f5
28.f3 Kh8
29.Qe2e7 Rf8g8
30.Rg3g5 Qf5h7
31.Qe7e5 Rf4f6
32.Rg5xh5 Rf6h6
33.Rh5xh6 Qh7xh6
34.f4 Kh7
35.Qe5c7 Rg8e8
36.Qc7f7 Re8g8
37.Qf7xb7 Qh6g6
38.Kh1 Qg6e4
39.Kg1 Rg8e8
40.Qb7d7 Re8e6
41.f5 Re6h6
42.f6 Rh6g6
43.Qd7g4 Rg6xg4
44.hxg4 Qe4xg4
45.Kf2 Qg4h4
46.Ke2 gxf6
{ abandon }0-1